| 000 | 00562nam a22002057a 4500 | ||
|---|---|---|---|
| 003 | OSt | ||
| 005 | 20140310182154.0 | ||
| 008 | 130109t xxu||||| |||| 00| 0 eng d | ||
| 020 | _a9711170124 | ||
| 050 |
_aBX 2350.2 _b.Ur8 1977 |
||
| 082 |
_aHS 220.9505 _bUr8 1977 |
||
| 100 |
_aUrteaga, Jesus _915907 |
||
| 245 |
_aMan the saint / _cJesus Urteaga. |
||
| 260 |
_aManila, Philippines : _bSinag-tala Publishers, Inc, _cc1977. |
||
| 300 |
_axxi, 218 p. _c18 cm. |
||
| 541 | _j1 | ||
| 562 | _e1 | ||
| 650 |
_aBible stories _910553 |
||
| 942 |
_2lcc _cHS |
||
| 999 |
_c10068 _d10068 |
||